El daǫ por mobbing delimitacin̤ y responsabilidades

Bibliographic Details
Format: eBook
Language:Spanish
Published: Albacete: Editorial Bomarzo, 2017
Subjects:
Online Access:Acceso restringido

MARC

LEADER 00000nam a22000007a 4500
005 20190321232143.0
007 cr|||| ||||
008 190321s2017 es |||||s|||| 00||0 spa d
020 |a 978-84-17310-00-4 
035 |a 23156 
040 |a vLex 
090 |c 8496  |d 8496 
245 0 2 |a El daǫ por mobbing delimitacin̤ y responsabilidades  |h [Recurso electrn̤ico] / 
256 |a Servicio en ln̕ea 
260 |a Albacete:  |b Editorial Bomarzo,  |c 2017 
300 |a 1 recurso electrn̤ico 
506 1 |a Disponible solo en los productos indicados  |d vLex Global  |d vLex Global (Academic Edition, excluding Law Schools)  |d vLex Global (U.S. Academic Edition, Law Schools)  |d vLex Global (U.S. Academic Edition, excluding Law Schools)  |d vLex Global (Academic Edition, Law Schools) 
650 0 4 |a Derecho Penal  |z Espaą 
740 0 |a vLex Libros (Servicio en ln̕ea) 
856 4 0 |u http://vlex.com/source/da-o-por-mobbing-delimitacion-y-responsabilidades-23156  |z Acceso restringido 
942 |c BOOK 
999 0 0 |a Criminal law